Statistics for Original Series Models of Super Soakers

Click here to take the quiz!

General Stats

  • This quiz has been taken 18 times
  • The average score is 10 of 11

Answer Stats

Model% Correct
Super Soaker 50
100%
Super Soaker 10
92%
Super Soaker 100
92%
Super Soaker 20
92%
Super Soaker 200
92%
Super Soaker 30
92%
Super Soaker 40
92%
Super Soaker 60
92%
Super Soaker 25
85%
Super Soaker CPS 2000
85%
Super Soaker 300
77%

Score Distribution

Percentile by Number Answered

Percent of People with Each Score

Your Score History

You have not taken this quiz